00663cam a22002053a 450000100060000000300060000600500170001200800410002904000150007004200070008505000070009210000230009924501340012226000290025650600300028551600200031565300510033583000290038685600420041516749PGUSA20140828083346.0050925s2005||||xxu|||||s|||||000 | eng d aPGUSAbeng adc 4aDA1 aHolinshed, Raphael10aChronicles of England, Scotland and Ireland (2 of 6) :bEngland (3 of 12) : Henrie I.h[electronic resource] /cRaphael Holinshed bProject Gutenberg,c2005 aPublic domain in the USA. aElectronic text aGreat Britain -- History -- Henry I, 1100-1135 0aProject Gutenbergv1674940uhttp://www.gutenberg.org/ebooks/16749